Riconosci il Pokémon - Quiz n°409 - Statistics

Statistiche generali
  • Questo quiz è stato fatto 0 volte
  • Il punteggio medio è 0 su 10
Statistiche sulle risposte
Indizio Risposta % Corretto
Altezza 0,5 m
0%
Peso 1,9 kg
0%
Tasso di cattura 30 (8.8%)
0%
Sesso 50% ♂, 50% ♀
0%
Pokémon Chatot
0%
Tasso di allevamento Medio-Lento
0%
Stadio evoluzione Non si evolve
0%
Tipo Normale / Volante
0%
Generazione Quarta
0%
Abilità Sguardofermo; Intricpiedi; Pettinfuori
0%
Nessun quiz corrispondente trovato
Distribuzione punteggi
Percentuale di utenti per punteggio
Percentile per numero di risposta
I tuoi punteggi nel tempo
Non hai fatto questo quiz